[Event "Yalta op"]
[Site "Yalta"]
[Date "1995.??.??"]
[Round "?"]
[White "Sidorov, Anatoly"]
[Black "Prohorov, Vladimir"]
[Result "1-0"]
[WhiteElo "2310"]
[BlackElo "2230"]
[PlyCount "103"]
[EventDate "1995.??.??"]
[EventType "swiss"]
[EventRounds "9"]
[EventCountry "UKR"]
[SourceTitle "EXT 1997"]
[Source "ChessBase"]
[SourceDate "1996.11.15"]
[SourceVersion "1"]
[SourceVersionDate "1996.11.15"]
[SourceQuality "1"]

1. d4 Nf6 2. c4 g6 3. Nc3 Bg7 4. g3 0-0 5. Bg2 d6 6. Nf3 Nbd7 7. 0-0 e5 8. h3 c6 9. dxe5 dxe5 10. Be3 Qe7 11. Qa4 a5 12. Qb3 Re8 13. Nd2 Nc5 14. Qa3 Ne6 15. c5 Nd4 16. Rac1 Bf5 17. Bg5 Qc7 18. Nc4 Nd7 19. Nd6 Reb8 20. Nxf5 Nxf5 21. g4 h6 22. gxf5 hxg5 23. fxg6 f5 24. Rfd1 Nf6 25. Qb3+ Kh8 26. Qe6 Qc8 27. Qxe5 Ne4 28. Qe7 Qe8 29. Qxe8+ Rxe8 30. Bxe4 fxe4 31. Rd7 Re6 32. Rxb7 Rae8 33. e3 Rxg6 34. Ne2 Be5 35. Rc4 g4 36. hxg4 Rxg4+ 37. Kf1 Rh4 38. Nd4 Rh1+ 39. Ke2 Rh2 40. Rf7 Kg8 41. Rf5 Kg7 42. Nxc6 Bxb2 43. Rf4 a4 44. Rxa4 Rc8 45. Ra7+ Kh6 46. Ra6 Kg5 47. Rb6 Bc3 48. Rxe4 Rf8 49. Kd3 Be1 50. f4+ Kh5 51. Re5+ Kh4 52. Rb1 1-0

[Event "Yalta op"]
[Site "Yalta"]
[Date "1995.??.??"]
[Round "?"]
[White "Volkov, Nikolai"]
[Black "Prohorov, Vladimir"]
[Result "0-1"]
[WhiteElo "2165"]
[BlackElo "2230"]
[PlyCount "82"]
[EventDate "1995.??.??"]
[EventType "swiss"]
[EventRounds "9"]
[EventCountry "UKR"]
[SourceTitle "EXT 1997"]
[Source "ChessBase"]
[SourceDate "1996.11.15"]
[SourceVersion "1"]
[SourceVersionDate "1996.11.15"]
[SourceQuality "1"]

1. b4 e5 2. Bb2 d6 3. e3 Nf6 4. c4 Be7 5. Nf3 e4 6. Nd4 c5 7. bxc5 dxc5 8. Nb5 Nc6 9. Be2 0-0 10. f4 Nb4 11. 0-0 Nd3 12. Qb3 Nxb2 13. Qxb2 Bd7 14. N5c3 Bc6 15. Nd1 Qd7 16. Nf2 Rad8 17. a3 a6 18. Qb6 Qc8 19. a4 Nd7 20. Qb3 f5 21. Ra2 Nf6 22. Nc3 Qe6 23. a5 h6 24. Na4 Kh7 25. Nb6 Rg8 26. Qc3 Bd6 27. g3 g6 28. h3 g5 29. Kh2 Rg7 30. Raa1 Rdg8 31. Rg1 Qe7 32. Raf1 Bc7 33. Qb2 gxf4 34. gxf4 Bxf4+ 35. exf4 e3 36. Nd5 Nxd5 37. Rxg7+ Rxg7 38. cxd5 Bxd5 39. Bg4 fxg4 40. Qc2+ Kh8 41. Nxg4 Rxg4 0-1